Polska - Gibraltar 7.09.2014 - Statystyki

Ogólne statystyki
  • Ten quiz został rozwiązany 71 razy
  • Średni wynik to 10 z 14
Statystyki odpowiedzi
Pozycja Klub Odpowiedź % Poprawnych
Bramkarz Arsenal Wojciech Szczęsny
100%
Obrońca Torino Kamil Glik
94%
Pomocnik Sevilla Grzegorz Krychowiak
92%
Napastnik Bayern Monachium Robert Lewandowski
92%
Napastnik Ajax Amsterdam Arkadiusz Milik
91%
Skrzydłowy Stade Rennais Kamil Grosicki
88%
Obrońca Steaua Bukareszt Łukasz Szukała
83%
Skrzydłowy Terek Grozny Maciej Rybus
69%
Obrońca 1. FC Köln Paweł Olkowski
66%
Pomocnik (zmiennik) Guizhou Renhe Krzysztof Mączyński
53%
Obrońca Amkar Perm Jakub Wawrzyniak
45%
Skrzydłowy (zmiennik) Club Brugge Waldemar Sobota
45%
Pomocnik Vfl Wolfsburg Mateusz Klich
30%
Pomocnik (zmiennik) Ruch Chorzów Filip Starzyński
22%
Nie znaleziono quizów pasujących do podanych kryteriów
Rozkład punktacji
Procent ludzi z każdym wynikiem
Percentyl według liczby udzielonych odpowiedzi
Twoja historia wyników
Nie rozwiązałeś tego quizu